[Event "Politiken Cup 32nd"]
[Site "Copenhagen"]
[Date "2010.08.01"]
[Round "2"]
[White "Pedersen, Hans Buus"]
[Black "Astrom, Lars"]
[Result "1-0"]
[WhiteElo "2144"]
[BlackElo "1795"]
[PlyCount "125"]
[EventDate "2010.07.31"]
[EventType "swiss"]
[EventRounds "10"]
[EventCountry "DEN"]
[SourceTitle "CBM 137 Extra"]
[Source "ChessBase"]
[SourceDate "2010.09.01"]
[SourceVersion "1"]
[SourceVersionDate "2010.09.01"]
[SourceQuality "1"]

1. d4 d5 2. Nf3 Nf6 3. Bf4 Bf5 4. c4 c6 5. Qb3 Qb6 6. c5 Qxb3 7. axb3 Nbd7 8. Nc3 Ne4 9. e3 f6 10. b4 g5 11. Bc7 Rc8 12. Bg3 a6 13. Nxe4 Bxe4 14. Nd2 Bg6 15. Be2 Bg7 16. Nb3 e5 17. Kd2 Nf8 18. h4 h6 19. hxg5 hxg5 20. Rxh8 Bxh8 21. Na5 Rc7 22. Kc3 Ne6 23. Rh1 Bg7 24. f3 Re7 25. Bd3 e4 26. fxe4 dxe4 27. Bc4 Nd8 28. Bd6 Rd7 29. Kc2 f5 30. d5 cxd5 31. Bxd5 f4 32. Kb3 fxe3 33. Re1 Bf7 34. Bxf7+ Nxf7 35. Rxe3 Nxd6 36. cxd6 Rxd6 37. Rxe4+ Kf7 38. Nxb7 Rd2 39. g4 Rxb2+ 40. Kc4 Bf8 41. Nd8+ Kg8 42. Nc6 Kf7 43. Kc3 Rf2 44. Ne5+ Kg7 45. Nd3 Rf6 46. Nc5 a5 47. Ne6+ Rxe6 48. Rxe6 axb4+ 49. Kc4 Kf7 50. Rb6 Be7 51. Kd5 Bf8 52. Ke5 Bc5 53. Rb5 Be7 54. Kf5 Kg7 55. Ke6 Bf6 56. Rxb4 Bc3 57. Rc4 Bd2 58. Kf5 Bf4 59. Rb4 Bd2 60. Rb7+ Kh6 61. Kf6 Bc3+ 62. Kf7 Bd2 63. Rb1 1-0

[Event "Schleife tt U14"]
[Site "Schleife"]
[Date "2010.07.02"]
[Round "6"]
[White "Lachowicz, Judyta"]
[Black "Astrom, Lars"]
[Result "0-1"]
[WhiteElo "1718"]
[BlackElo "1795"]
[PlyCount "56"]
[EventDate "2010.06.28"]
[EventType "team-tourn"]
[EventRounds "6"]
[EventCountry "GER"]
[SourceTitle "CBM 137 Extra"]
[Source "ChessBase"]
[SourceDate "2010.09.01"]
[SourceVersion "1"]
[SourceVersionDate "2010.09.01"]
[SourceQuality "1"]

1. e4 c5 2. Nf3 d6 3. d4 cxd4 4. Nxd4 Nf6 5. Nc3 g6 6. Be3 Bg7 7. f3 Nc6 8. Qd2 0-0 9. Bc4 Bd7 10. 0-0-0 Rc8 11. Bb3 Ne5 12. g4 b5 13. h4 a5 14. a4 bxa4 15. Nxa4 Bxa4 16. Bxa4 Nc4 17. Qd3 Nxe3 18. Qxe3 Nd7 19. Nc6 Rxc6 20. Bxc6 Nc5 21. c3 Qb6 22. Qg5 Qxc6 23. Qxe7 Be5 24. Qg5 Ne6 25. Qe7 Rb8 26. Qa7 Rxb2 27. Kxb2 Qxc3+ 28. Kb1 Qb2# 0-1

[Event "Schleife tt U14"]
[Site "Schleife"]
[Date "2010.06.30"]
[Round "3"]
[White "Astrom, Lars"]
[Black "Moehn, Hans"]
[Result "1/2-1/2"]
[WhiteElo "1795"]
[BlackElo "2022"]
[PlyCount "153"]
[EventDate "2010.06.28"]
[EventType "team-tourn"]
[EventRounds "6"]
[EventCountry "GER"]
[SourceTitle "CBM 137 Extra"]
[Source "ChessBase"]
[SourceDate "2010.09.01"]
[SourceVersion "1"]
[SourceVersionDate "2010.09.01"]
[SourceQuality "1"]

1. e4 c5 2. Nf3 e6 3. c3 d5 4. exd5 exd5 5. d4 a6 6. Be2 Bd6 7. 0-0 Ne7 8. dxc5 Bxc5 9. Bf4 0-0 10. Nbd2 Nbc6 11. Nb3 Bd6 12. Bxd6 Qxd6 13. Nbd4 Ng6 14. Re1 Bg4 15. h3 Bd7 16. Qc2 Nf4 17. Bd3 Qf6 18. Re3 g6 19. Rae1 Rac8 20. Nxc6 bxc6 21. Ne5 Qd6 22. a3 a5 23. Bf1 Bf5 24. Bd3 Nxd3 25. Nxd3 c5 26. Qd2 Rfd8 27. Ne5 f6 28. Nf3 d4 29. Re7 g5 30. cxd4 cxd4 31. Qxa5 Bg6 32. R7e6 Qc5 33. Qxc5 Rxc5 34. Rd1 Kf7 35. Re2 d3 36. Red2 Rb5 37. Ne1 Rb3 38. f3 Rd5 39. a4 Ke7 40. Kf2 Kd6 41. Ke3 Re5+ 42. Kd4 Rd5+ 43. Kc4 Rb8 44. b4 Rc8+ 45. Kb3 Rd4 46. Nxd3 Rcc4 47. Nb2 Rxb4+ 48. Kc3 Rxd2 49. Rxd2+ Kc5 50. Nd3+ Bxd3 51. Kxd3 Rxa4 52. Ke3 f5 53. Kf2 Rd4 54. Ra2 Kd5 55. Ra7 h5 56. Rh7 Rd2+ 57. Kg1 Ke5 58. Rxh5 Kf4 59. Kh2 Ra2 60. Rh8 Rb2 61. Ra8 Ke5 62. Ra5+ Kf6 63. Ra4 Ke5 64. h4 gxh4 65. Rxh4 Ra2 66. Rb4 Kf6 67. Kh3 Kg6 68. g4 fxg4+ 69. Kxg4 Ra5 70. Rb6+ Kf7 71. f4 Rc5 72. Ra6 Rb5 73. Ra7+ Kf6 74. Ra6+ Kf7 75. f5 Rb1 76. Kg5 Rg1+ 77. Kf4 1/2-1/2